000
00265nam a2200109Ia 4500
008
220204s9999 xx 000 0 und d
082
_a
82-3
_b
BLA
100
_a
Black, Hermina
245
4
_a
The House with the fountains
260
_a
Bombay
_b
Wilco
_c
1964
942
_c
BK
999
_c
29568
_d
29568